Who Wants to be A Millionaire - Statistics

General Stats
  • This quiz has been taken 226 times
  • The average score is 5 of 10
Answer Stats
Question Answer % Correct
Who sang "sky fall" in that james bond movie? Adele
88%
What is the most viewed video on youtube Baby shark doo doo doo doo doo
88%
Who assassinated John F. Kennedy? Lee Harvey Oswald
88%
Which number has 100 zeros? Googol
80%
who doubled the size of the united states? Thomas Jefferson
68%
when did the iphone x came out? 2018
36%
Who is on the 50 cents? John F. Kennedy
36%
what year did fortnite chapter 2 season 1 came out? 2019
20%
what is the 2nd fastest land animal? Pronghorn
16%
Who is on the penny? Benjamin franklin
12%
No matching quizzes found
Score Distribution
Percent of People with Each Score
Percentile by Number Answered
Your Score History
You have not taken this quiz